1561 1077 1179 1796 1963 1995 1235 1274 1890 1282 1659 1631 1235 1015 1383 1195 1147 1419 1171 1377 1801 1232 1550 1615 1100 1268 1465 1882 1356 1336 1547 1683 1806 1020 1316 1111 1769 1152 1851 1758 1664 1711 1927 1830 1490 1021 1698 1732 1806 1481 1150 1238 1937 1237 1157 1738 1022 1950 1041 1230 1945 1569 1956 1146 1051 1882 1219 1120 1510 1943 1354 1488 1129 1324 1216 1703 1807 1805 1571 1522 1578 1825 1524 1954 1303 1701 1577 1033 1627 1877 1913 1005 1850 1480 1760 1043 1406 1135 1813 BCNSPRNW ULIB Ver.6.0+V

เปลี่ยนเป็นภาษาไทย

Change to English
 แสดงรายละเอียดบรรณานุกรม
  กลับหน้าหลัก

Brief Record : Get Marc (ISO 2709) : E-mail record : QR code < ปิดหน้าต่าง
LEADER : 00000nam 2200000uu 4500
001    13399109142
003     ULIB
008    110322s2552||||th 000 0 tha d
020    1745561215
060 04 WA292^bว653ก 2552
245 00 การปฐมพยาบาลและการพยาบาลฉุกเฉิน /^cบรรณาธิการ, วิภาพรวรหาญ, จงรัก อิฐรัตน์, สุวรรณา บุญยะลีพรรณ
250    พิมพ์ครั้งที่ 13
260    ขอนแก่น :^bโครงการตำราภาควิชาการพยาบาลอายุรศาสตร์และศัลยศาสตร์ คณะพยาบาลศาสตร์ มหาวิทยาลัยขอนแก่น,^c2552
300    229 หน้า :^bภาพประกอบ ;^c27 ซม.
650  7 ปฐมพยาบาล
650  7 การพยาบาลฉุกเฉิน
700 0  จงรัก อิฐรัตน์,^eบรรณาธิการ
700 0  วิภาพร วรหาญ,^eบรรณาธิการ
700 0  สุวรรณา บุญยะลีพรรณ,^eบรรณาธิการ
710 2  มหาวิทยาลัยขอนแก่น.^bโครงการตำราภาควิชาการพยาบาลอายุรศาสตร์และศัลยศาสตร์
945    ^p140^l0^i029003
945    ^p140^l0^i028171
945    ^p140^l0^i028169
945    ^p140^l0^i029004
945    ^p140^l0^i028170
995    ทศพร
999 ^a ใช้งานได้ทุกระบบ
รายการนี้ยังไม่มีแท็ก
คุณยังไม่ได้ล็อกอิน คุณสามารถมีกิจกรรมร่วมกับเว็บไซต์ได้ แต่ต้องล็อกอินก่อน ::
  ล็อกอิน

รายการสื่อสารสนเทศ

ลำดับที่ ประเภท เลขเรียก/บาร์โค้ด สถานที่ สถานะ
1. วิทยาศาสตร์การแพทย์ และสุขภาพ
วิทยาศาสตร์การแพทย์ และสุขภาพ
WA292 ว653ก 2552 ฉ.10 
  Barcode: 029003
ห้องสมุดวิทยาเขตสวรรค์ประชารักษ์
►ส่วนจัดเก็บหนังสือเก่า สปร
บนชั้น
  ขอยืม
2. วิทยาศาสตร์การแพทย์ และสุขภาพ
วิทยาศาสตร์การแพทย์ และสุขภาพ
WA292 ว653ก 2552 ฉ.11 
  Barcode: 029004
ห้องสมุดวิทยาเขตสวรรค์ประชารักษ์
►ส่วนจัดเก็บหนังสือเก่า สปร
บนชั้น
  ขอยืม
3. วิทยาศาสตร์การแพทย์ และสุขภาพ
วิทยาศาสตร์การแพทย์ และสุขภาพ
WA292 ว653ก 2552 ฉ.7 
  Barcode: 028169
ห้องสมุดวิทยาเขตสวรรค์ประชารักษ์
►ส่วนจัดเก็บหนังสือเก่า สปร
บนชั้น
  ขอยืม
4. วิทยาศาสตร์การแพทย์ และสุขภาพ
วิทยาศาสตร์การแพทย์ และสุขภาพ
WA292 ว653ก 2552 ฉ.8 
  Barcode: 028170
ห้องสมุดวิทยาเขตสวรรค์ประชารักษ์
►ส่วนจัดเก็บหนังสือเก่า สปร
บนชั้น
  ขอยืม
5. วิทยาศาสตร์การแพทย์ และสุขภาพ
วิทยาศาสตร์การแพทย์ และสุขภาพ
WA292 ว653ก 2552 ฉ.9 
  Barcode: 028171
ห้องสมุดวิทยาเขตสวรรค์ประชารักษ์
►ส่วนจัดเก็บหนังสือเก่า สปร
บนชั้น
  ขอยืม

รายการใกล้เคียง
    หัวเรื่อง [ปฐมพยาบาล]
    หัวเรื่อง [การพยาบาลฉุกเฉิน]

BibComment


ยังไม่เคยถูกคอมเมนท์

คอมเมนท์ทรัพยากรรายการนี้
  คอมเมนท์: การปฐมพยาบาลและกา..


 Copyright 2026. Bcnsprnw @Library